000 01648nam a2200241Ia 4500
008 260220t1973||||xx |||||||||||||| ||spa||
020 _a8434573628
040 _aPY-SlUNAC
_bspa
_erda
041 _aspa
082 _a611.013
_bN124n
245 0 _aEl nacimiento de un niño
264 _aBarcelona :
_bSalvat editores,
_c℗1973.
300 _a1 volumen
520 _aEl libro "El nacimiento de un niño", publicado por Salvat Editores en 1973, aborda de manera integral el proceso del nacimiento, desde la concepción hasta las primeras etapas de la vida. A lo largo de sus capítulos, se exploran aspectos biológicos, psicológicos y sociales que intervienen en este evento crucial. Se enfatiza la importancia del entorno familiar y la preparación emocional de los padres, así como el papel de los profesionales de la salud en brindar apoyo durante el embarazo y el parto. Además, se analizan las prácticas de atención prenatal y postnatal, ofreciendo recomendaciones para garantizar el bienestar tanto del recién nacido como de la madre. El texto está respaldado por investigaciones científicas y testimonios de expertos en el área, lo que proporciona una base sólida para comprender la complejidad del nacimiento. En conjunto, el libro se presenta como una valiosa fuente de información para padres y profesionales interesados en el desarrollo infantil y la salud materna.
653 _aDesarrollo infantil
653 _aNacimiento
653 _aNiños
942 _b2026/02/17
_cBK
999 _c8414
_d8414